INTERNATIONAL ENCYCLOPEDIA OF LAWS (Record no. 23245)

MARC details
000 -LEADER
fixed length control field 00361nam a2200145Ia 4500
008 - FIXED-LENGTH DATA ELEMENTS--GENERAL INFORMATION
fixed length control field 240624s9999 xx 000 0 und d
041 ## - LANGUAGE CODE
Language code of text/sound track or separate title eng
082 ## - DEWEY DECIMAL CLASSIFICATION NUMBER
Classification number 340 BLA
100 ## - MAIN ENTRY--PERSONAL NAME
Personal name BLANPAIN R
245 ## - TITLE STATEMENT
Title INTERNATIONAL ENCYCLOPEDIA OF LAWS
260 ## - PUBLICATION, DISTRIBUTION, ETC.
Date of publication, distribution, etc. 2008
Place of publication, distribution, etc. New Delhi
Name of publisher, distributor, etc. Wolters Kluwer India
300 ## - PHYSICAL DESCRIPTION
Extent 356 : p. : cm. ; 24
365 ## - TRADE PRICE
Currency code RS
Price amount 25
440 ## - SERIES STATEMENT/ADDED ENTRY--TITLE
Volume/sequential designation 3
Holdings
Withdrawn status Lost status Damaged status Not for loan Home library Current library Shelving location Date acquired Source of acquisition Cost, normal purchase price Full call number Barcode Date last seen Copy number Price effective from Koha item type
        IMTN IMTN Rack 14-B 09/29/2014 RW 9995.00 340 BLA 23245 06/24/2024 1 06/24/2024 Books
Designed & Maintained by: LRC IMT Nagpur Contact: lrc@imtnag.ac.in© 2024. All Rights Reserved.